| 000 | 00944cam a22001935a 4500 | ||
|---|---|---|---|
| 001 | L150215 | ||
| 008 | 100614e2010 xxk 000 0 eng d | ||
| 035 | _a(Sirsi) u150215 | ||
| 041 | 0 | _aeng | |
| 110 | 2 |
_aProperty Week _91549 |
|
| 245 | 0 | 0 | _aCentral London retail is only riser in stagnant May |
| 260 | _c2010 | ||
| 490 | 0 |
_aProperty Week _v76(23) 11 June 2010, 40(1) |
|
| 520 | _aCushman and Wakefield's latest property investment market analysis shows prime property yields not falling for the first time in 12 months, remaining unchanged in May at 5.79%, 159 basis points below their 2009 peak. Central London retail was the only subsector where prices rose. Prime shopping centres were the most popular properties in the retail sector. Table lists current prime yields by subsector. | ||
| 590 | _aKA | ||
| 651 | 4 |
_aUnited Kingdom _y |
|
| 690 | _aPROPERTY-COMMERCIAL PROPERTY-COMMERCIAL PROPERTY FINANCE AND INVESTMENT | ||
| 942 | _n0 | ||
| 999 |
_c82424 _d82424 |
||